000
00309nam a2200133Ia 4500
100
_a
National Productivity Council
942
_c
BK
654
_a
Aluminum Door
245
_a
Aluminum Door &Window Sash
260
_b
National Productivity Council
_c
2001
082
_a
684
300
_a
42
546
_a
ENGLISH
999
_c
29010
_d
29010